Guess the lyrics (#43) - Statistics

General Stats
  • This quiz has been taken 225 times
  • The average score is 142 of 300
Answer Stats
Answer % Correct
a
99%
I
99%
the
98%
The
98%
you
92%
and
90%
And
90%
to
87%
when
87%
in
84%
me
84%
me,
84%
do
82%
on
81%
love
80%
your
80%
what
78%
no
76%
my
75%
know
73%
for
72%
For
72%
that
70%
They
69%
they
69%
are
68%
not
65%
men
63%
of
63%
can't
62%
could
62%
have
60%
how
60%
How
60%
one
59%
say
59%
this
59%
as
57%
But
56%
will
56%
Like
55%
was
55%
would
55%
did
50%
day
48%
never
48%
with
47%
night
45%
Now
45%
now
45%
them
45%
think
45%
out
43%
life
42%
they're
40%
eyes
35%
Look
35%
they'll
28%
tried
27%
took
26%
world
25%
you've
24%
still
23%
left
22%
told
22%
beautiful
21%
blue
21%
understand
21%
meant
20%
pain
20%
soul
20%
free
19%
hope
19%
loving
19%
Starry
19%
starry
19%
hand
18%
lie
18%
listen,
17%
listen
17%
lovers
17%
set
17%
gray
16%
Paint
16%
Perhaps
15%
summer's
15%
true
15%
Vincent
15%
sanity
14%
sanity,
14%
often
13%
palette
13%
suffered
13%
winter
13%
darkness
12%
forget
11%
listening
10%
sight
10%
snow
10%
colors
9%
Colors
9%
daffodils
9%
faces
9%
Morning
9%
trees
9%
chills
8%
heads
8%
hills
8%
met
8%
changing
7%
clouds
7%
land
7%
Shadows
7%
watch
7%
amber
6%
artist's
6%
beneath
6%
breeze
6%
Catch
6%
clothes
6%
empty
6%
fields
6%
flowers
6%
halls
6%
hue
6%
hung
6%
lined
6%
nameless
6%
portraits
6%
ragged
6%
rose
6%
virgin
6%
walls
6%
Weathered
6%
broken
5%
china
5%
crushed
5%
grain
5%
linen
5%
reflect
5%
Sketch
5%
snowy
5%
soothed
5%
strangers
5%
Vincent's
5%
bloody
4%
haze
4%
Swirling
4%
thorn,
4%
blaze
3%
brightly
3%
Flaming
3%
Frameless
3%
silver
3%
violet
3%
No matching quizzes found
Score Distribution
Percent of People with Each Score
Percentile by Number Answered
Your Score History
You have not taken this quiz